000 00672nam a2200241 i 4500
001 C2-0302845
003 PPAK
005 20180728083857.0
008 100217s2008 nyu |||| ||||| | eng d
020 _a9780307406187
040 _aPPAK
_beng
_cPPAK
_erda
082 0 4 _a658.4083
_223
090 0 0 _a658.4083
_bDUM
_dLCK
100 1 _aDumaine, Brian,
_eauthor
245 1 4 _aThe plot to save the planet
264 1 _aNew York :
_bCrown Business ,
_c2008
300 _a279 pages ;
_c24 cm
336 _2rdacontent
_atext
337 _2rdamedia
_aunmediated
338 _2rdacarrier
_avolume
650 1 0 _aEconomic development - Environmental aspects
942 _ddc
_cB
999 _c106363
_d106363